01016nam a22002777a 4500003000200000005001700002008000200019010001300021020002200034035002300056037001600079040001500095082001300110100002700123245006100150260004300211270004500254300002500299500005100324650002500375650003500400942002200435999001900457952013200476952013000608020180806125646.00 aA-996561 c00.00a8170997151 aA-996561, A-996562 bCen Lib/Ret aDPLbENc0 a172bRAV aRavindra Kumar 925588 aMorality and ethics in public life /cby Ravindra Kumar  aNew Delhi bMittal Publications c1999 bNew Delhi aA-110, mohan garden e110059 avii, 148p.c21cm(Hb) aIncludes bibliographical references and index  aSocial ethics934554 aEthics xSocial aspects934555 2ddccENh172mRAV c132386d132386 00104070aLbLd2015-07-22eCen Lib/Retg0.00l2o172 RAVpA-996561r2019-07-02 00:00:00s2019-06-25t1v0.00w2015-07-22yEN 00102ddc40708NFICaBL1bBL1d2018-08-06eBPPD/PUBg0.00l0o172 RAVp A-996562r2018-08-06 00:00:00v0.00w2018-08-06yEN